• 首页
  • 本馆介绍
  • 公告通知
  • 最新文献
  • 馆藏检索
  • 电子资源
  • 读者导购
  • 参考咨询
  • 我的图书馆
  • 登录
  • 详细信息显示
  • 放入我的书架
  • 预约/预借图书
  • 作者相关作品
  • 分类相关作品
  • 丛书相关作品
  • 出版社相关作品

书目信息

  • 表格格式
  • 工作单格式
  • 卡片格式
题名:
拉萨尔和俾斯麦
    
 
作者: 张文焕 著
分册:  
出版信息: 北京   三联书店  1981
页数: 169页
开本: 19cm
丛书名:
单 册:
中图分类: K516.41
科图分类:
主题词:
电子资源:
ISBN:
000 00624nam0 2200229 45
001 0181010912
005 20060818083233.53
010    @dCNY0.44
091    @aCN@b11002.556
100    @a19960215d1981 em y0chiy0121 ea
101 0  @achi
102    @aCN@b110000
105    @ay z 000yc
200 10 @a拉萨尔和俾斯麦@Ala sa er he bi si mai@f张文焕著
210    @a北京@c三联书店@d1981
215    @a169页@d19cm
607    @a德国-近代史@z1848~1871@x史料
607    @a近代史-德国@z1848~1871@x史料
690    @aK516.41@v3
701  0 @a张文焕@Azhang wen huan@4著
801  0 @aCN@bTSSF@c20060818
905    @a10447@dK516.41@e22
    
    拉萨尔和俾斯麦/张文焕著.-北京:三联书店,1981
    169页;19cm
    
    
    ISBN :CNY0.44
    
●
相关链接 在E读中查询图书 在五车中查询图书 在当当中查询图书 在豆瓣中查询图书


正题名:拉萨尔和俾斯麦     索取号:K516.41/22         预约/预借

序号 登录号 条形码 馆藏地/架位号 状态 备注
1 0466432   204664327   密集书库/ [索取号:K516.41/22] 在馆    
唐山师范学院图书馆 欢迎您!
大连网信软件有限公司© 版权所有